| 000 | 00341aas a2200097 4500 | ||
|---|---|---|---|
| 245 | _a Islam today = L'Islam aujourd'hui | ||
| 260 |
_aRabat: _bIslamic Educational, Scientific and Cultural Organization (ISESCO), _c1987 |
||
| 300 | _b1-135 p. in English, 136-264 p. in French,167 p. in Arabic | ||
| 650 | _aArab countries- Periodicals | ||
| 942 | _cCR | ||
| 999 |
_c4661 _d4661 |
||